000 00229cam a2200085 4500
008 080611n 000 0 eng u
035 _a(Sirsi) a155817
100 _aSMITH D.M
245 _aCrime rates as territorial social indicators
999 _c105949
_d105949